Tràng An - Những bước kinh thành Ghi chép về phong tục tập quán Việt Nam

Sách giới thiệu đến nhiều loại hình văn hóa truyền thống của dân tộc Việt Nam, qua thủ pháp văn học, đề cập đến các di sản văn hóa, nghệ thuật ẩm thực, những chàng trai cô gái tài hoa, những ngày tháng thiêng liêng, những khúc hát muôn đo...

Full description

Saved in:
Bibliographic Details
Main Author: Lý Khắc Cung
Format: Book
Language:Undetermined
Published: Hà Nội Thanh niên 1997
Subjects:
Tags: Add Tag
No Tags, Be the first to tag this record!
Institutions: Trung tâm Học liệu Trường Đại học Cần Thơ
LEADER 01018nam a2200193Ia 4500
001 CTU_22529
008 210402s9999 xx 000 0 und d
082 |a 895.9228 
082 |b C513 
100 |a Lý Khắc Cung 
245 0 |a Tràng An - Những bước kinh thành 
245 0 |b Ghi chép về phong tục tập quán Việt Nam 
245 0 |c Lý Khắc Cung 
260 |a Hà Nội 
260 |b Thanh niên 
260 |c 1997 
520 |a Sách giới thiệu đến nhiều loại hình văn hóa truyền thống của dân tộc Việt Nam, qua thủ pháp văn học, đề cập đến các di sản văn hóa, nghệ thuật ẩm thực, những chàng trai cô gái tài hoa, những ngày tháng thiêng liêng, những khúc hát muôn đời, những lễ nghi và phong tục tập quán... 
650 |a viet nam - hue - description and travel 
980 |a Trung tâm Học liệu Trường Đại học Cần Thơ